Cyclisme : Eddy Merckx - Statistiques

Statistiques générales
  • Ce quiz a été pris 50 fois
  • Le résultat moyen est 11 sur 22
Statistiques - réponses
Questions Réponses % Correct
Surnom d'Eddy Merckx, trouvé par le cycliste Christian Raymond, victime de l'appétit vorace de victoires du Belge. Le Cannibale
85%
Champion italien qui remporta quelques-unes de ses plus belles victoires avant que Merckx n'atteigne son meilleur niveau. Dans "Je suis timide mais je me soigne" (de Pierre Richard, sorti en 1978), le personnage d'Aldo Maccione dit qu'il préfère ce coureur à Eddy Merckx. Felice Gimondi
78%
Coureur espagnol qui après leur carrière à tous les deux, rendit cet hommage à Merckx. "Bon sang, je donnerais plusieurs hectares de mes terres pour le voir revenir quinze jours dans le peloton. [...] Pour leur montrer à tous ces mignons, ce qu’était courir avec Merckx. [...] Ils n’auraient pas le temps d’aller se faire friser les cheveux ou de se mettre des boucles d’oreille. Ils n’auraient plus qu’une envie : aller vite au lit pour récupérer." Coureur connu pour avoir terrassé Merckx sur le Tour de France de 1971 avant d'abandonner sur chute. Luis Ocaña
78%
Course dont Eddy Merckx fut exclus pour un contrôle antidopage positif controversé en 1969, contrôle positif dont il a été blanchi. Le Tour d'Italie
73%
Course classique que Merckx remporta à sept reprises, ce qui constitue toujours un record. Milan-Sanremo
73%
Ville dans laquelle a grandi Eddy Merckx Bruxelles
70%
Ville d'Amérique du Nord à très haute altitude où Merckx améliora le record de l'heure du Danois Ole Ritter en 1972 pour une distance de 49,431 km. Mexico
63%
Course que remporta Raymond Poulidor deux fois consécutivement contre Merckx en 1972 et 1973 (Merckx était classé respectivement 2e et 3e) et ce nonobstant son surnom d'éternel second. Paris-Nice
63%
Coureur italien qui utilisa un vélo aérodynamique pour améliorer le record de l'heure d'Eddy Merckx. Sa performance sera rebaptisée "performance dans l'heure" plusieurs années plus tard, son vélo n'étant pas réglementaire. Le record de Merckx fut alors réhabilité. Ce coureur avouera lui-même encore plus tard, avoir eu recours à des transfusions sanguines. Francesco Moser
55%
Autre coureur flamand qui vainquit Eddy Merckx alors champion du monde, au sprint dans un duel au couteau lors du Paris-Roubaix de 1975 et qui réitéra cet exploit lors du Tour de Suisse de cette même année 1975. Roger De Vlaeminck
55%
Coureur flamand talentueux à la carrière en dents de scie, battu au championnat du monde de 1973 face au grand adversaire italien de Merckx (réponse #3). Il attribua sa défaite à une mésentente avec Merckx au sein de l'équipe nationale belge. Il sera tout de même champion du monde à deux reprises par la suite. Freddy Maertens
50%
Sport que pratiqua Eduardo Masso, le gendre d'Eddy Merckx, dans lequel il sera classé 56e joueur mondial, son meilleur niveau. Le tennis
50%
Journaliste et romancier à ses heures, qui dira d'Eddy Merckx à propos de l'exploit précédent (dans son livre "L'ironie du sport") : "Exact au rendez-vous que sa jeune légende lui a prescrit, sans hargne, rogne ou grogne, par le jeu naturel de dons hors du commun, Eddy Merckx allait son petit surhomme de chemin." Ce journaliste était également l'auteur du roman "Un singe en hiver" porté à l'écran par Henri Verneuil et membre du cercle littéraire "Les hussards" opposé à la politique algérienne de De Gaulle. Antoine Blondin
43%
Film de Philippe Harel sorti en 2001 avec Benoit Poelvoorde dans le rôle principal d'un coureur cycliste fictif à l'époque d'Eddy Merckx, film qui est l'hommage du scénariste Olivier Dazat, passionné de cyclisme, à Eddy Merckx. Le Vélo de Ghislain Lambert
40%
Film dans lequel le personnage de Louis de Funès pense qu'Eddy Merckx a dit : "La révolution c'est comme un bicyclette: quand elle n'avance pas, elle tombe." Les aventures de Rabbi Jacob
35%
Ville des Alpes françaises dans laquelle Eddy Merckx est devenu champion du monde amateur. Sallanches
33%
Villes dans lesquelles Eddy Merckx fut sacré champion du monde chez les professionnels. Une dans le Limbourg néerlandais, une dans le Tessin (en Suisse) et une en Amérique du Nord ! Montréal
30%
Pays que représentait Luca Masso à cette occasion. L'Argentine
28%
Ville dite "Ville nouvelle" car crée en 1957, située au pied des Pyrénées non loin de Pau où Eddy Merckx réalisa un exploit en 1969 reléguant le deuxième Michele Dancelli à plus de huit minutes alors que la victoire finale dans le Tour de France ne semblait déjà plus devoir lui échapper. Mourenx
28%
Sport que pratique Luca Masso, fils d'Eduardo et petit-fils d'Eddy Merckx, sport dans lequel il a été sacré champion olympique avec son pays en 2016. Le hockey sur gazon
25%
Villes dans lesquelles Eddy Merckx fut sacré champion du monde chez les professionnels. Une dans le Limbourg néerlandais, une dans le Tessin (en Suisse) et une en Amérique du Nord ! Heerlen
10%
Villes dans lesquelles Eddy Merckx fut sacré champion du monde chez les professionnels. Une dans le Limbourg néerlandais, une dans le Tessin (en Suisse) et une en Amérique du Nord ! Mendrisio
10%
Aucun quiz correspondant
Distribution des résultats
% des personnes avec chaque résultat
Percentile par nombre de réponses
Votre historique - résultats
Vous n’avez pas pris ce quiz